S-TRAIN の停車駅 - Statistics

General Stats
  • This quiz has been taken 270 times
  • The average score is 17 of 19
Answer Stats
停車駅 補足 % Correct
飯能駅 土休日のみ
98%
所沢駅 全列車共通
98%
池袋駅(東京メトロ) 土休日のみ
98%
西武秩父駅 土休日のみ
96%
渋谷駅 土休日のみ
94%
横浜駅 土休日のみ
94%
元町・中華街駅 土休日のみ
94%
新宿三丁目駅 土休日のみ
92%
石神井公園駅 全列車共通
91%
練馬駅 平日下りのみ
90%
みなとみらい駅 土休日のみ
90%
自由が丘駅 土休日のみ
89%
小手指駅 平日下りのみ
87%
入間市駅 土休日のみ
85%
豊洲駅 平日のみ
80%
保谷駅 平日のみ
79%
有楽町駅 平日のみ
78%
西所沢駅 平日下りのみ
76%
飯田橋駅 平日のみ
74%
No matching quizzes found
Score Distribution
Percent of People with Each Score
Percentile by Number Answered
Your Score History
You have not taken this quiz